000
00282nam a22001337a 4500
003
SGT
082
_a
370
_b
B86M
100
_a
MALHOTRA, P.L.
245
_a
BHARAT ME VIDHYALAYI SHIKSHA
260
_a
NEW DELHI
_b
NCERT
_c
1986
300
_a
340
650
_a
EDUCATION
942
_2
ddc
_c
BK
999
_c
12451
_d
12451